000 00910nam a22002297a 4500
005 20250529104507.0
008 250513b |||||||| |||| 00| 0 eng d
020 _a978-93-5231-692-2 (pbk)
037 _cTB
040 _aCRL
_cCRL
041 _2Pun
_aPun
084 _aO153,3N31,AC R4
_qCRL
100 _aਕੁਲਬੀਰ ਸਿੰਘ ਸੂਰੀ
_9784209
245 _aਅੱਧੀ ਛੁੱਟੀ ਸਾਰੀ
260 _aਪਟਿਆਲਾ, ਭਾਰਤ:
_bਸੰਗਮ ਪਉਬਲਿਸ਼ਰ,
_c2024.
300 _a111 ਪ.
365 _b150.00
_cINR
650 _aਪੰਜਾਬੀ ਸਾਹਿਤ
_9784210
650 _aਪੰਜਾਬੀ ਕਹਾਣੀ
_9784211
942 _2CC
_cTB
_hO153,3N31,AC R4
_n0
999 _c1400797
_d1400797